000 00355nam a2200133Ia 4500
005 20260328104328.0
008 260328s9999||||xx |||||||||||||| ||und||
100 _aWaddell, Gene
245 0 _aAcademic Architecture :
_b Classic Architecture, Volumen 3 /
_cGene Waddell
260 _bMiddletown
300 _a348 p.
650 _aARQUITECTURA
942 _cBK
999 _c11623
_d11623